Statistics for European Countries with One Border

Click here to take the quiz!

General Stats

  • This quiz has been taken 239 times
  • The average score is 6 of 7

Answer Stats

Answer% Correct
Portugal
96%
Ireland
95%
Denmark
94%
San Marino
94%
Monaco
87%
Vatican City
87%
United Kingdom
70%

Score Distribution

Percentile by Number Answered

Percent of People with Each Score

Your Score History

You have not taken this quiz